Sports Quiz

Random Sports or MLB Quiz

2009 MLB Batting Average Leaders Quiz Stats

Quiz not verified by Sporcle

Challenge
Share
Tweet
Embed
Score 0/20 Timer 05:00
0 Plays Today
Team Answer % Correct
1. TwinsJoe Mauer
100%
8. TigersMiguel Cabrera
96.4%
4. YankeesDerek Jeter
94.5%
6. CardinalsAlbert Pujols
94.5%
2. MarinersIchiro Suzuki
89.1%
9. RedsJoey Votto
89.1%
14. BrewersRyan Braun
80%
12. YankeesRobinson Cano
78.2%
7. RockiesTodd Helton
74.5%
16. A's and CardinalsMatt Holliday
70.9%
Team Answer % Correct
10. RangersMichael Young
65.5%
3. MarlinsHanley Ramirez
60%
5. GiantsPablo Sandoval
60%
19. TigersMagglio Ordonez
38.2%
13. RaysJason Bartlett
23.6%
17. AngelsErick Aybar
23.6%
18. TwinsDenard Span
12.7%
11. MarlinsChris Coghlan
5.5%
20. Brewers and DiamonbacksFelipe Lopez
5.5%
15. AstrosMiguel Tejeda
1.8%

You're not logged in!

Compare scores with friends on all Sporcle quizzes.
Sign Up with Email
OR
Log In

You Might Also Like...

Show Comments

Extras

Top Quizzes Today


Score Distribution

Your Account Isn't Verified!

In order to create a playlist on Sporcle, you need to verify the email address you used during registration. Go to your Sporcle Settings to finish the process.

Report this User

Report this user for behavior that violates our Community Guidelines.

Details: